Country that have cut Diplomatic Relations with Israel - Statistics

General Stats
  • This quiz has been taken 64 times
  • The average score is 18 of 28
Answer Stats
Country % Correct
Iraq
86%
Saudi Arabia
86%
Iran
84%
Syria
84%
Yemen
84%
Oman
80%
Pakistan
80%
Lebanon
78%
Algeria
76%
Qatar
76%
Kuwait
73%
Tunisia
73%
Afghanistan
71%
Libya
71%
Somalia
67%
Niger
65%
North Korea
65%
Mali
63%
Cuba
61%
Venezuela
59%
Indonesia
55%
Mauritania
55%
Malaysia
53%
Brunei
47%
Djibouti
41%
Comoros
39%
Maldives
29%
Bangaladesh
2%
No matching quizzes found
Score Distribution
Percent of People with Each Score
Percentile by Number Answered
Your Score History
You have not taken this quiz